Principles of sociology / (Record no. 33374)
[ view plain ]
| 000 -LEADER | |
|---|---|
| fixed length control field | 00724nam a2200265 a 4500 |
| 001 - CONTROL NUMBER | |
| control field | 33374 |
| 003 - CONTROL NUMBER IDENTIFIER | |
| rucl marc code | BD-RjUL |
| 005 - DATE AND TIME OF LATEST TRANSACTION | |
| control field | 20211209052010.0 |
| 008 - FIXED-LENGTH DATA ELEMENTS--GENERAL INFORMATION | |
| fixed length control field | 140507r19571946enk 001 0 eng d |
| 035 ## - SYSTEM CONTROL NUMBER | |
| System control number | 75-24630 |
| System control number | (BD-RjUL)33465 |
| 040 ## - CATALOGING SOURCE | |
| Original cataloging agency | DLC |
| Transcribing agency | DLC |
| Modifying agency | m.c |
| -- | BD-RjUL |
| Language of cataloging | eng |
| 041 ## - LANGUAGE CODE | |
| Language code of text/sound track or separate title | eng |
| 082 04 - DEWEY DECIMAL CLASSIFICATION NUMBER | |
| Classification number | 301 |
| Author mark and year | PRI 1963 |
| 245 10 - TITLE STATEMENT | |
| Title | Principles of sociology / |
| Statement of responsibility, etc. | Edited by Alfred McClung Lee. |
| 250 ## - EDITION STATEMENT | |
| Edition statement | 2nd ed. |
| 260 ## - PUBLICATION, DISTRIBUTION, ETC. (IMPRINT) | |
| Place of publication, distribution, etc. | New york: |
| Name of publisher, distributor, etc. | Barnes & noble, |
| Date of publication, distribution, etc. | 1946 []Reprinted 1963]. |
| 300 ## - PHYSICAL DESCRIPTION | |
| Pagination | xxiii, 360 p. ; |
| Size | 23 cm |
| 504 ## - BIBLIOGRAPHY, ETC. NOTE | |
| Bibliography, etc | Includes index. |
| 650 00 - SUBJECT ADDED ENTRY--TOPICAL TERM | |
| Topical term or geographic name as entry element | Sociology |
| 9 (RLIN) | 101302 |
| 700 1# - ADDED ENTRY--PERSONAL NAME | |
| Personal name | Lee, Alfred Mcclung |
| 942 ## - ADDED ENTRY ELEMENTS (KOHA) | |
| Source of classification or shelving scheme | Dewey Decimal Classification |
| Koha item type | Books |
| Lost status | Source of classification or shelving scheme | Damaged status | Not for loan | Collection code | Permanent Location | Current Location | Shelving location | Date acquired | Source of acquisition | Total Checkouts | Full call number | Date last seen | Copy number | Koha item type |
|---|---|---|---|---|---|---|---|---|---|---|---|---|---|---|
| Dewey Decimal Classification | Non-fiction | Central Library, University of Rajshahi | Central Library, University of Rajshahi | 29/09/1959 | asia foundation | 301 PRI 1957 | 07/05/2014 | C-2 | Books | |||||
| Dewey Decimal Classification | Not For Loan | Non-fiction | Central Library, University of Rajshahi | Central Library, University of Rajshahi | Reading Room | 07/05/2014 | 301 PRI 1963 | 07/05/2014 | C-1 | Books | ||||
| Dewey Decimal Classification | Non-fiction | Central Library, University of Rajshahi | Central Library, University of Rajshahi | 29/09/1959 | asia foundation | 301 PRI 1957 | 07/05/2014 | C-3 | Books |